000 00356nam a2200109Ia 4500
008 181011s9999 xx 000 0 und d
100 _aSamson Lankeshwar
245 4 _aThe Dargah of Qamar Ali Darwesh:An Analytical Study of its impact on the People of pune
500 _aJournal of Henry Martyn Institute July- Dec 2001
650 _aMysticism
942 _cBR
999 _c22183
_d22183